[Event "Cuiaba op"]
[Site "Cuiaba"]
[Date "2011.10.22"]
[Round "4"]
[White "Vescovi, Giovanni P"]
[Black "Mekhitarian, Krikor Sevag"]
[Result "1/2-1/2"]
[WhiteElo "2634"]
[BlackElo "2488"]
[PlyCount "100"]
[EventDate "2011.10.21"]
[EventType "swiss"]
[EventRounds "6"]
[EventCountry "BRA"]
[SourceTitle "EXT 2013"]
[Source "ChessBase"]
[SourceDate "2012.11.22"]
[SourceVersion "1"]
[SourceVersionDate "2012.11.22"]
[SourceQuality "1"]

1. d4 Nf6 2. c4 e6 3. Nc3 Bb4 4. Nf3 d5 5. cxd5 exd5 6. Bg5 h6 7. Bh4 O-O 8. e3
c5 9. Rc1 c4 10. Nd2 Be6 11. Be2 a6 12. O-O Nbd7 13. e4 dxe4 14. Ndxe4 Be7 15.
Nxf6+ Bxf6 16. Bg3 Nb6 17. Be5 Rc8 18. Bf3 Bxe5 19. dxe5 Qc7 20. Qd6 Rfd8 21.
Qxc7 Rxc7 22. Be4 Nd5 23. Bxd5 Bxd5 24. Rfd1 Rcd7 25. f3 b5 26. a3 Kf8 27. Rd4
Ke7 28. Rcd1 Bc6 29. Rxd7+ Rxd7 30. f4 a5 31. Rxd7+ Kxd7 32. Kf2 b4 33. axb4
axb4 34. Na2 c3 35. b3 c2 36. Ke3 Bxg2 37. Kd2 Ke6 38. Nxb4 Kf5 39. Nd3 Bf1 40.
Kxc2 g5 41. fxg5 hxg5 42. Kd2 Bxd3 43. Kxd3 Kxe5 44. b4 f5 45. b5 Kd5 46. b6
Kc6 47. Kd4 Kxb6 48. Ke5 f4 49. Ke4 Kc5 50. h4 gxh4 1/2-1/2

[Event "Cuiaba op"]
[Site "Cuiaba"]
[Date "2011.10.23"]
[Round "6"]
[White "Stamenkovic, Dragan"]
[Black "Mekhitarian, Krikor Sevag"]
[Result "1/2-1/2"]
[WhiteElo "2410"]
[BlackElo "2488"]
[PlyCount "38"]
[EventDate "2011.10.21"]
[EventType "swiss"]
[EventRounds "6"]
[EventCountry "BRA"]
[SourceTitle "EXT 2013"]
[Source "ChessBase"]
[SourceDate "2012.11.22"]
[SourceVersion "1"]
[SourceVersionDate "2012.11.22"]
[SourceQuality "1"]

1. d4 Nf6 2. Bg5 Ne4 3. Bf4 c5 4. f3 Nf6 5. d5 e6 6. e4 exd5 7. exd5 d6 8. c4
Be7 9. Bd3 O-O 10. Ne2 Re8 11. O-O Nh5 12. Bd2 Nd7 13. f4 g6 14. Nbc3 f5 15.
Qc2 Ndf6 16. Rae1 Bf8 17. g3 Bg7 18. Kg2 a6 19. Ng1 Bd7 1/2-1/2

[Event "BRA-ch sf"]
[Site "Brasilia"]
[Date "2011.10.29"]
[Round "1"]
[White "Rabello, Felipe Botelho"]
[Black "Mekhitarian, Krikor Sevag"]
[Result "0-1"]
[WhiteElo "2026"]
[BlackElo "2488"]
[PlyCount "72"]
[EventDate "2011.10.29"]
[EventType "swiss"]
[EventRounds "8"]
[EventCountry "BRA"]
[SourceTitle "EXT 2012"]
[Source "ChessBase"]
[SourceDate "2011.11.24"]
[SourceVersion "1"]
[SourceVersionDate "2011.11.24"]
[SourceQuality "1"]

1. e4 c5 2. Nf3 e6 3. d4 cxd4 4. Nxd4 Nc6 5. Nc3 a6 6. Be3 Nf6 7. Qd2 Bb4 8.
Nxc6 bxc6 9. Bd3 d5 10. e5 Ng4 11. a3 Nxe3 12. Qxe3 Be7 13. Qg3 O-O 14. O-O Rb8
15. b3 Qc7 16. Kh1 f6 17. f4 f5 18. Rf3 c5 19. Qf2 c4 20. bxc4 dxc4 21. Bf1 Bb7
22. Rh3 Rfd8 23. Qe2 g6 24. Qxc4 Qxc4 25. Bxc4 Rd2 26. Bxe6+ Kg7 27. Rg1 Bc5
28. Rd3 Rxc2 29. Bb3 Rf2 30. Rd7+ Kh6 31. Bd5 Bc8 32. Rc7 Bb6 33. Re7 Rc2 34.
Bg8 Rb7 35. Rxb7 Bxb7 36. Rb1 Bxg2# 0-1

[Event "BRA-ch sf"]
[Site "Brasilia"]
[Date "2011.10.29"]
[Round "2"]
[White "Mekhitarian, Krikor Sevag"]
[Black "Name, Gabriel Ricardo"]
[Result "1-0"]
[WhiteElo "2488"]
[BlackElo "2137"]
[PlyCount "51"]
[EventDate "2011.10.29"]
[EventType "swiss"]
[EventRounds "8"]
[EventCountry "BRA"]
[SourceTitle "EXT 2012"]
[Source "ChessBase"]
[SourceDate "2011.11.24"]
[SourceVersion "1"]
[SourceVersionDate "2011.11.24"]
[SourceQuality "1"]

1. d4 Nf6 2. c4 e6 3. Nc3 d5 4. Nf3 Be7 5. Bf4 O-O 6. e3 c5 7. dxc5 Bxc5 8.
cxd5 exd5 9. Be2 Be6 10. O-O Ne4 11. Nxe4 dxe4 12. Ng5 Bf5 13. Qc2 Qe7 14. Bf3
Rc8 15. Bxe4 Bxe3 16. Qb3 Bxf4 17. Bxf5 Rf8 18. Nxh7 Re8 19. g3 Be5 20. Rad1 a5
21. Rfe1 Qc7 22. Ng5 Re7 23. Rxe5 Rxe5 24. Rd8+ Qxd8 25. Qxf7+ Kh8 26. Qh5+ 1-0

[Event "BRA-ch sf"]
[Site "Brasilia"]
[Date "2011.10.30"]
[Round "3"]
[White "Batista, Gerson Peres"]
[Black "Mekhitarian, Krikor Sevag"]
[Result "1/2-1/2"]
[WhiteElo "2201"]
[BlackElo "2488"]
[PlyCount "88"]
[EventDate "2011.10.29"]
[EventType "swiss"]
[EventRounds "8"]
[EventCountry "BRA"]
[SourceTitle "EXT 2012"]
[Source "ChessBase"]
[SourceDate "2011.11.24"]
[SourceVersion "1"]
[SourceVersionDate "2011.11.24"]
[SourceQuality "1"]

1. e4 c5 2. c3 Nf6 3. e5 Nd5 4. d4 cxd4 5. Nf3 d6 6. cxd4 dxe5 7. dxe5 Nc6 8.
Be2 g6 9. O-O Bg7 10. Qb3 Nb6 11. Rd1 Qc7 12. Nc3 Be6 13. Nb5 Qb8 14. Qa3 O-O
15. Bf4 Bd5 16. Rac1 e6 17. Nd6 Nd7 18. Qe3 Bxf3 19. Bxf3 Bxe5 20. Rxc6 Bxf4
21. Qxf4 bxc6 22. Bxc6 Nb6 23. Bxa8 Nxa8 24. b3 Nb6 25. Qf3 Nd5 26. Nc4 Rd8 27.
h3 Nb4 28. Rxd8+ Qxd8 29. Qb7 Nxa2 30. Ne5 Qf6 31. Qxa7 Qxe5 32. Qxa2 h5 33.
Qb1 h4 34. b4 Qb5 35. Qe4 g5 36. Qd4 Kf8 37. f4 gxf4 38. Qh8+ Ke7 39. Qxh4+ f6
40. Qxf4 e5 41. Qg4 Qd3 42. Qg7+ Ke6 43. Qg8+ Ke7 44. Qg7+ Ke6 1/2-1/2

[Event "BRA-ch sf"]
[Site "Brasilia"]
[Date "2011.10.31"]
[Round "5"]
[White "Guimaraes, Diogo Duarte"]
[Black "Mekhitarian, Krikor Sevag"]
[Result "1-0"]
[WhiteElo "2185"]
[BlackElo "2488"]
[PlyCount "106"]
[EventDate "2011.10.29"]
[EventType "swiss"]
[EventRounds "8"]
[EventCountry "BRA"]
[SourceTitle "EXT 2012"]
[Source "ChessBase"]
[SourceDate "2011.11.24"]
[SourceVersion "1"]
[SourceVersionDate "2011.11.24"]
[SourceQuality "1"]

1. e4 c5 2. Nf3 d6 3. d4 cxd4 4. Nxd4 e6 5. Nc3 a6 6. a4 Nc6 7. Be3 Nf6 8. Be2
Be7 9. O-O O-O 10. f4 Bd7 11. Qe1 Nxd4 12. Bxd4 Bc6 13. Qg3 g6 14. Bd3 Nh5 15.
Qe3 Nf6 16. Rab1 Ng4 17. Qe2 e5 18. Qxg4 exd4 19. Nd5 Bxd5 20. exd5 Bf6 21. f5
Kg7 22. Rbe1 Qd7 23. Re4 Rae8 24. Rfe1 Rxe4 25. Rxe4 Qxa4 26. h4 Qa1+ 27. Kh2
Qxb2 28. fxg6 hxg6 29. g3 Qc1 30. Qd7 Qd2+ 31. Re2 Qh6 32. Qxd6 Rd8 33. Qc7 Qh5
34. Qxb7 Bxh4 35. gxh4 Qxh4+ 36. Kg1 Qg3+ 37. Rg2 Qe3+ 38. Rf2 Qg5+ 39. Kf1
Qc1+ 40. Kg2 Qg5+ 41. Kf1 Qxd5 42. Qxd5 Rxd5 43. Bxa6 f5 44. Rd2 Kf6 45. Kf2 g5
46. Kf3 Rc5 47. Re2 Rc7 48. Bd3 Rc8 49. Rh2 Kg6 50. Re2 Kf6 51. Kg3 Ra8 52. Rh2
Kg6 53. Rf2 Ra5 1-0

[Event "BRA-ch sf"]
[Site "Brasilia"]
[Date "2011.11.01"]
[Round "6"]
[White "Mekhitarian, Krikor Sevag"]
[Black "Lucena, Lincoln"]
[Result "1-0"]
[WhiteElo "2488"]
[BlackElo "2182"]
[PlyCount "43"]
[EventDate "2011.10.29"]
[EventType "swiss"]
[EventRounds "8"]
[EventCountry "BRA"]
[SourceTitle "EXT 2012"]
[Source "ChessBase"]
[SourceDate "2011.11.24"]
[SourceVersion "1"]
[SourceVersionDate "2011.11.24"]
[SourceQuality "1"]

1. d4 d5 2. c4 e6 3. Nc3 Be7 4. Nf3 Nf6 5. Bf4 O-O 6. e3 c5 7. dxc5 Nc6 8. Qc2
Qa5 9. a3 Bxc5 10. Rd1 Be7 11. Be2 a6 12. O-O dxc4 13. Bxc4 b5 14. Bd3 Bb7 15.
Ne4 Nd5 16. Nd6 Nxf4 17. Nxb7 Qb6 18. exf4 Rac8 19. Nd6 Bxd6 20. Bxh7+ Kh8 21.
Rxd6 Nd4 22. Rxb6 1-0

[Event "BRA-ch sf"]
[Site "Brasilia"]
[Date "2011.11.02"]
[Round "7"]
[White "Mekhitarian, Krikor Sevag"]
[Black "El Debs, Felipe de Cresce"]
[Result "1/2-1/2"]
[WhiteElo "2488"]
[BlackElo "2478"]
[PlyCount "69"]
[EventDate "2011.10.29"]
[EventType "swiss"]
[EventRounds "8"]
[EventCountry "BRA"]
[SourceTitle "EXT 2012"]
[Source "ChessBase"]
[SourceDate "2011.11.24"]
[SourceVersion "1"]
[SourceVersionDate "2011.11.24"]
[SourceQuality "1"]

1. d4 d5 2. c4 c6 3. Nc3 Nf6 4. Nf3 dxc4 5. a4 e6 6. e4 Bb4 7. Bg5 Bxc3+ 8.
bxc3 Qa5 9. e5 Ne4 10. Bd2 c5 11. Bxc4 Nxd2 12. Qxd2 cxd4 13. Qxd4 Nc6 14. Qe3
Bd7 15. O-O Ne7 16. Rfd1 Bc6 17. Bb5 Bxb5 18. Qc5 Rc8 19. Qxb5+ Qxb5 20. axb5
a6 21. bxa6 bxa6 22. Rxa6 Rxc3 23. Ra7 Nc8 24. Rb7 O-O 25. h4 Rc6 26. Kh2 Rb6
27. Rc7 Rb2 28. Kg3 Nb6 29. Rb7 Na4 30. Rc7 Nb6 31. Rb7 Na4 32. Rxb2 Nxb2 33.
Rd4 h6 34. Kf4 Rc8 35. Kg3 1/2-1/2

[Event "BRA-ch sf"]
[Site "Brasilia"]
[Date "2011.11.02"]
[Round "8"]
[White "Feliciano Ebert, Vanessa"]
[Black "Mekhitarian, Krikor Sevag"]
[Result "0-1"]
[WhiteElo "2173"]
[BlackElo "2488"]
[PlyCount "172"]
[EventDate "2011.10.29"]
[EventType "swiss"]
[EventRounds "8"]
[EventCountry "BRA"]
[SourceTitle "EXT 2012"]
[Source "ChessBase"]
[SourceDate "2011.11.24"]
[SourceVersion "1"]
[SourceVersionDate "2011.11.24"]
[SourceQuality "1"]

1. e4 c5 2. Nf3 d6 3. d4 cxd4 4. Qxd4 Nc6 5. Bb5 Bd7 6. Bxc6 Bxc6 7. Nc3 Nf6 8.
Bg5 e6 9. O-O-O Be7 10. Rhe1 O-O 11. Kb1 Qc7 12. Qd2 Rfd8 13. Nd4 a6 14. f3 b5
15. g4 Rac8 16. Nce2 b4 17. Ng3 Ba4 18. Rc1 a5 19. Rg1 Qb6 20. Be3 Qb7 21. Nh5
Nd7 22. Nf5 Ne5 23. Bd4 Nxf3 24. Nh6+ Kf8 25. Qf4 gxh6 26. Qxf3 Bg5 27. Be3 Rc3
28. h4 Rxe3 29. Qf2 Qxe4 30. hxg5 hxg5 31. Qf6 Ke8 32. Qxg5 Rf3 33. Nf6+ Rxf6
34. Qxf6 Rc8 35. Qf2 b3 36. axb3 Bxb3 37. Rg3 Rxc2 38. Rxc2 Bxc2+ 39. Kc1 Bd3
40. Qd2 Qc6+ 41. Kd1 Qh1+ 42. Qe1 Bc2+ 43. Kd2 Qh2+ 44. Kc1 Bg6 45. Rc3 Qf4+
46. Qd2 Qf1+ 47. Qd1 Qf4+ 48. Qd2 Qe4 49. Kd1 Qxg4+ 50. Kc1 Qe4 51. Kd1 Qh1+
52. Qe1 Qd5+ 53. Qd2 Qh1+ 54. Qe1 Bh5+ 55. Kd2 Qh2+ 56. Kc1 Qf4+ 57. Qd2 Qf1+
58. Kc2 Bg6+ 59. Kb3 Qb5+ 60. Ka2 Kd7 61. Qd4 e5 62. Qg4+ f5 63. Qh4 Bf7+ 64.
Kb1 Qf1+ 65. Kc2 Qe2+ 66. Kc1 Qf1+ 67. Kc2 Qg2+ 68. Kc1 Qg1+ 69. Kc2 Qg2+ 70.
Kc1 f4 71. Qxh7 Qg1+ 72. Kd2 Qg2+ 73. Kc1 Qf1+ 74. Kd2 Qg2+ 75. Kc1 Qg1+ 76.
Kd2 Qg6 77. Qh1 e4 78. Qf1 Qg5 79. Qh3+ Ke7 80. Rc7+ Kf6 81. Qh8+ Kg6 82. Qh2
e3+ 83. Ke1 Kg7 84. Ke2 Qg4+ 85. Kd3 Qd1+ 86. Ke4 Qd5+ 0-1

[Event "Mario Covas 10th"]
[Site "Santos"]
[Date "2011.11.27"]
[Round "2"]
[White "Barbosa, Evandro Amorim"]
[Black "Mekhitarian, Krikor Sevag"]
[Result "1/2-1/2"]
[WhiteElo "2412"]
[BlackElo "2487"]
[PlyCount "56"]
[EventDate "2011.11.26"]
[EventType "tourn"]
[EventRounds "9"]
[EventCountry "BRA"]
[EventCategory "9"]
[SourceTitle "CBM 145 Extra"]
[Source "ChessBase"]
[SourceDate "2012.01.03"]
[SourceVersion "1"]
[SourceVersionDate "2012.01.03"]
[SourceQuality "1"]

1. e4 e5 2. Nf3 Nc6 3. d4 exd4 4. Nxd4 Bc5 5. Nb3 Be7 6. Nc3 Nf6 7. Be2 O-O 8.
O-O d6 9. f4 Re8 10. Bf3 Bf8 11. Be3 Bd7 12. Bf2 a5 13. a4 Nb4 14. Re1 Be6 15.
Nd4 c6 16. Bh4 Bc8 17. e5 dxe5 18. fxe5 Bc5 19. Bf2 Bxd4 20. Qxd4 Qxd4 21. Bxd4
Nxc2 22. exf6 Nxe1 23. Be4 Rxe4 24. Nxe4 Nc2 25. Rd1 Bg4 26. Rd2 Rd8 27. Bc3
Rxd2 28. Nxd2 gxf6 1/2-1/2

[Event "Mario Covas 10th"]
[Site "Santos"]
[Date "2011.11.27"]
[Round "3"]
[White "Mekhitarian, Krikor Sevag"]
[Black "Milos, Gilberto"]
[Result "1/2-1/2"]
[WhiteElo "2487"]
[BlackElo "2597"]
[PlyCount "23"]
[EventDate "2011.11.26"]
[EventType "tourn"]
[EventRounds "9"]
[EventCountry "BRA"]
[EventCategory "9"]
[SourceTitle "CBM 145 Extra"]
[Source "ChessBase"]
[SourceDate "2012.01.03"]
[SourceVersion "1"]
[SourceVersionDate "2012.01.03"]
[SourceQuality "1"]

1. d4 Nf6 2. c4 e6 3. Nc3 d5 4. Nf3 Be7 5. cxd5 exd5 6. Bg5 c6 7. e3 Bf5 8. Bd3
Bxd3 9. Qxd3 Nbd7 10. O-O O-O 11. Bxf6 Nxf6 12. Rab1 1/2-1/2

[Event "Mario Covas 10th"]
[Site "Santos"]
[Date "2011.11.29"]
[Round "5"]
[White "Mekhitarian, Krikor Sevag"]
[Black "Fusco, Leonardo"]
[Result "1-0"]
[WhiteElo "2487"]
[BlackElo "2383"]
[PlyCount "77"]
[EventDate "2011.11.26"]
[EventType "tourn"]
[EventRounds "9"]
[EventCountry "BRA"]
[EventCategory "9"]
[SourceTitle "CBM 145 Extra"]
[Source "ChessBase"]
[SourceDate "2012.01.03"]
[SourceVersion "1"]
[SourceVersionDate "2012.01.03"]
[SourceQuality "1"]

1. Nf3 Nf6 2. c4 g6 3. Nc3 Bg7 4. d4 d5 5. cxd5 Nxd5 6. g3 O-O 7. Bg2 Nxc3 8.
bxc3 c5 9. O-O Nc6 10. d5 Ne5 11. Nxe5 Bxe5 12. Bh6 Bg7 13. Bxg7 Kxg7 14. Qb3
Qd6 15. Rad1 Rb8 16. e4 e5 17. dxe6 Qxe6 18. Qa3 Qe7 19. Qxa7 Be6 20. e5 Ra8
21. Qxb7 Qxb7 22. Bxb7 Rxa2 23. Bd5 Bxd5 24. Rxd5 Rb8 25. Rxc5 Rbb2 26. e6 fxe6
27. Rc7+ Kf6 28. Rxh7 Rc2 29. Rh8 Rxc3 30. Rd1 Rc5 31. Rd7 Rf5 32. Rf8+ Kg5 33.
h4+ Kg4 34. Rxf5 exf5 35. Kg2 Rb2 36. Rg7 f4 37. Rxg6+ Kf5 38. Rg5+ Kf6 39. Kf3
1-0

[Event "Mario Covas 10th"]
[Site "Santos"]
[Date "2011.11.29"]
[Round "6"]
[White "Mareco, Sandro"]
[Black "Mekhitarian, Krikor Sevag"]
[Result "1-0"]
[WhiteElo "2583"]
[BlackElo "2487"]
[PlyCount "61"]
[EventDate "2011.11.26"]
[EventType "tourn"]
[EventRounds "9"]
[EventCountry "BRA"]
[EventCategory "9"]
[SourceTitle "CBM 145 Extra"]
[Source "ChessBase"]
[SourceDate "2012.01.03"]
[SourceVersion "1"]
[SourceVersionDate "2012.01.03"]
[SourceQuality "1"]

1. Nf3 Nf6 2. c4 e6 3. Nc3 d5 4. d4 Bb4 5. Qa4+ Nc6 6. e3 O-O 7. Bd2 Bd7 8. Qc2
dxc4 9. Bxc4 Bd6 10. O-O e5 11. h3 exd4 12. exd4 Qc8 13. Nb5 Bxh3 14. Nxd6 Qg4
15. Ne1 Nxd4 16. f3 Qh4 17. Qd3 cxd6 18. gxh3 d5 19. Bb3 Nxb3 20. axb3 Qxh3 21.
Rf2 Rfe8 22. Rh2 Qe6 23. Nc2 h6 24. Kh1 Nd7 25. Bc3 Ne5 26. Qd4 f6 27. Qf4 Ng6
28. Qg3 Kh7 29. Rg1 Qf5 30. Nd4 Qd3 31. Rd2 1-0

[Event "Mario Covas 10th"]
[Site "Santos"]
[Date "2011.11.30"]
[Round "7"]
[White "Mekhitarian, Krikor Sevag"]
[Black "Leitao, Rafael Duailibe"]
[Result "1/2-1/2"]
[WhiteElo "2487"]
[BlackElo "2626"]
[PlyCount "65"]
[EventDate "2011.11.26"]
[EventType "tourn"]
[EventRounds "9"]
[EventCountry "BRA"]
[EventCategory "9"]
[SourceTitle "CBM 145 Extra"]
[Source "ChessBase"]
[SourceDate "2012.01.03"]
[SourceVersion "1"]
[SourceVersionDate "2012.01.03"]
[SourceQuality "1"]

1. d4 Nf6 2. c4 e6 3. Nc3 Bb4 4. Qc2 c5 5. dxc5 O-O 6. a3 Bxc5 7. Nf3 b6 8. Bf4
Bb7 9. Rd1 Nc6 10. b4 Be7 11. e4 Rc8 12. e5 Nh5 13. Bc1 f6 14. exf6 Nxf6 15.
Be2 Qc7 16. O-O Ng4 17. Nb5 Qb8 18. h3 Nge5 19. Ng5 Bxg5 20. Bxg5 d5 21. Qd2
Nxc4 22. Bxc4 dxc4 23. Nd6 Rc7 24. Qe2 Bc8 25. Qxc4 Ne7 26. Qe4 Nd5 27. Rd4 Rc6
28. Rxd5 Rxd6 29. Rxd6 Qxd6 30. Re1 Bd7 31. Qe3 h6 32. Bh4 Qf4 33. Bg3 1/2-1/2

[Event "Mario Covas 10th"]
[Site "Santos"]
[Date "2011.12.01"]
[Round "8"]
[White "Mekhitarian, Krikor Sevag"]
[Black "Coelho, Luis Henrique"]
[Result "1/2-1/2"]
[WhiteElo "2487"]
[BlackElo "2392"]
[PlyCount "67"]
[EventDate "2011.11.26"]
[EventType "tourn"]
[EventRounds "9"]
[EventCountry "BRA"]
[EventCategory "9"]
[SourceTitle "CBM 145 Extra"]
[Source "ChessBase"]
[SourceDate "2012.01.03"]
[SourceVersion "1"]
[SourceVersionDate "2012.01.03"]
[SourceQuality "1"]

1. d4 d5 2. c4 c6 3. Nc3 Nf6 4. Nf3 dxc4 5. a4 Bf5 6. Ne5 Nbd7 7. Nxc4 Qc7 8.
g3 e5 9. dxe5 Nxe5 10. Bf4 Nfd7 11. Bg2 g5 12. Bxe5 Nxe5 13. Qd4 f6 14. Ne3 Be6
15. O-O-O Be7 16. Qe4 Kf7 17. f4 gxf4 18. gxf4 Nd7 19. Qf3 h5 20. Bh3 Bxh3 21.
Qxh3 Nc5 22. Qf5 Qc8 23. Rhg1 Qxf5 24. Nxf5 Bf8 25. b4 Na6 26. e4 Ke6 27. Ng7+
Ke7 28. Ne2 Rd8 29. Nd4 Kf7 30. Ndf5 Bxb4 31. Nh6+ Ke7 32. Nhf5+ Kf7 33. Nh6+
Ke7 34. Nhf5+ 1/2-1/2

[Event "Mario Covas 10th"]
[Site "Santos"]
[Date "2011.12.02"]
[Round "9"]
[White "Rodriguez Vila, Andres"]
[Black "Mekhitarian, Krikor Sevag"]
[Result "1/2-1/2"]
[WhiteElo "2481"]
[BlackElo "2487"]
[PlyCount "159"]
[EventDate "2011.11.26"]
[EventType "tourn"]
[EventRounds "9"]
[EventCountry "BRA"]
[EventCategory "9"]
[SourceTitle "CBM 145 Extra"]
[Source "ChessBase"]
[SourceDate "2012.01.03"]
[SourceVersion "1"]
[SourceVersionDate "2012.01.03"]
[SourceQuality "1"]

1. e4 c5 2. Nf3 e6 3. d3 Nc6 4. g3 g6 5. Bg2 Bg7 6. h4 h6 7. c3 d5 8. Qe2 Nge7
9. O-O O-O 10. e5 f6 11. exf6 Rxf6 12. Bf4 Nf5 13. Be5 Nxe5 14. Nxe5 Qd6 15.
Re1 Bd7 16. Nd2 Raf8 17. Ndf3 Bc8 18. Ng4 R6f7 19. Nfe5 Bxe5 20. Nxe5 Rg7 21.
h5 gxh5 22. Qxh5 Rg5 23. Qh3 Nxg3 24. Qxh6 Rff5 25. fxg3 Rxe5 26. Rf1 Qe7 27.
Qh4 Re3 28. Rf3 Rxf3 29. Bxf3 Rg7 30. Qxe7 Rxe7 31. Kg2 Rg7 32. Re1 Kf7 33. Rh1
Bd7 34. d4 cxd4 35. cxd4 Ke7 36. Re1 Kf6 37. Rf1 Ke7 38. Rc1 Bc6 39. Re1 Kf6
40. Rh1 Rg5 41. g4 e5 42. dxe5+ Kxe5 43. Kg3 Rg8 44. Rh5+ Kd4 45. Kf4 a5 46.
Rf5 a4 47. g5 b5 48. Rf6 Kc5 49. a3 Be8 50. Rf5 Bc6 51. Bh5 Be8 52. Bf3 Bc6 53.
Bg2 Kd4 54. Rf6 Be8 55. Rd6 Bf7 56. Kf5 Kc5 57. Rd7 Rf8 58. Ke5 Re8+ 59. Kf6
Be6 60. Re7 Rxe7 61. Kxe7 Bf5 62. Kf6 Bh7 63. Ke5 d4 64. Be4 Bg8 65. Bd3 Bc4
66. Bxc4 bxc4 67. g6 d3 68. g7 d2 69. g8=Q d1=Q 70. Qc8+ Kb6 71. Qe6+ Ka7 72.
Qxc4 Qh5+ 73. Kd6 Qh2+ 74. Kc6 Qg2+ 75. Kc5 Qxb2 76. Qxa4+ Kb7 77. Qe4+ Ka7 78.
Qe7+ Qb7 79. Qd8 Qc8+ 80. Qxc8 1/2-1/2

[Event "Santos Paulista-ch"]
[Site "Santos"]
[Date "2011.12.02"]
[Round "1"]
[White "Gazola, Vanessa Ramos"]
[Black "Mekhitarian, Krikor Sevag"]
[Result "0-1"]
[WhiteElo "2046"]
[BlackElo "2487"]
[PlyCount "84"]
[EventDate "2011.12.02"]
[EventType "swiss"]
[EventRounds "6"]
[EventCountry "BRA"]
[SourceTitle "CBM 146 Extra"]
[Source "ChessBase"]
[SourceDate "2012.02.29"]
[SourceVersion "1"]
[SourceVersionDate "2012.02.29"]
[SourceQuality "1"]

1. d4 Nf6 2. c4 e6 3. Nf3 b6 4. a3 Bb7 5. Nc3 g6 6. d5 Bg7 7. e4 O-O 8. Bd3 d6
9. O-O Nbd7 10. h3 c5 11. Bf4 e5 12. Be3 Nh5 13. g3 Bc8 14. Re1 h6 15. Nh4 Ndf6
16. Kh2 a6 17. Be2 Qd7 18. g4 Nf4 19. Bxf4 exf4 20. Qd2 b5 21. cxb5 axb5 22.
Nf3 Rb8 23. Qxf4 b4 24. Nb5 Rxb5 25. Bxb5 Qxb5 26. Qxd6 Ne8 27. Qf4 Bxb2 28.
Qxh6 Bxa1 29. Rxa1 Qe2 30. Ng5 Nf6 31. axb4 Qxf2+ 32. Kh1 Re8 33. Nxf7 Kxf7 34.
Ra7+ Bd7 35. g5 Qf1+ 36. Kh2 Qf2+ 37. Kh1 Rxe4 38. Rxd7+ Nxd7 39. Qh7+ Kf8 40.
Qh8+ Ke7 41. d6+ Kxd6 42. bxc5+ Kc7 0-1

[Event "Santos Paulista-ch"]
[Site "Santos"]
[Date "2011.12.02"]
[Round "2"]
[White "Mekhitarian, Krikor Sevag"]
[Black "Brito, Luismar Jorge"]
[Result "1-0"]
[WhiteElo "2487"]
[BlackElo "2258"]
[PlyCount "59"]
[EventDate "2011.12.02"]
[EventType "swiss"]
[EventRounds "6"]
[EventCountry "BRA"]
[SourceTitle "CBM 146 Extra"]
[Source "ChessBase"]
[SourceDate "2012.02.29"]
[SourceVersion "1"]
[SourceVersionDate "2012.02.29"]
[SourceQuality "1"]

1. d4 Nf6 2. c4 e6 3. Nc3 Bb4 4. Qc2 b6 5. e4 Bb7 6. Bd3 d6 7. Nge2 e5 8. O-O
Nbd7 9. Ng3 O-O 10. f4 c5 11. Nf5 Ne8 12. Rf3 f6 13. Qf2 Rf7 14. Bd2 Qc7 15.
Rf1 Nf8 16. g4 Bc8 17. fxe5 dxe5 18. dxe5 Qxe5 19. Bf4 Qe6 20. e5 Ng6 21. Re3
Bb7 22. exf6 Qxf6 23. Bg3 Kh8 24. h4 Qc6 25. Be4 Qc8 26. h5 Nf8 27. Ne7 Rxf2
28. Rxf2 Nf6 29. Nxc8 Nxe4 30. Rxf8# 1-0

[Event "Santos Paulista-ch"]
[Site "Santos"]
[Date "2011.12.03"]
[Round "3"]
[White "Barreto Filho, Carlos Alberto"]
[Black "Mekhitarian, Krikor Sevag"]
[Result "0-1"]
[WhiteElo "2307"]
[BlackElo "2487"]
[PlyCount "70"]
[EventDate "2011.12.02"]
[EventType "swiss"]
[EventRounds "6"]
[EventCountry "BRA"]
[SourceTitle "CBM 146 Extra"]
[Source "ChessBase"]
[SourceDate "2012.02.29"]
[SourceVersion "1"]
[SourceVersionDate "2012.02.29"]
[SourceQuality "1"]

1. c4 e6 2. Nf3 d5 3. e3 dxc4 4. Bxc4 a6 5. O-O b5 6. Be2 Nf6 7. a4 b4 8. d4
Bb7 9. Nbd2 c5 10. dxc5 Nbd7 11. b3 Nxc5 12. Bb2 Be7 13. Bc4 O-O 14. Qe2 Rc8
15. Rfd1 Qc7 16. Rac1 Qc6 17. Qf1 Rfd8 18. Ne5 Qc7 19. h3 Qa5 20. Qe2 Nd5 21.
Bxd5 Bxd5 22. Qg4 f5 23. Qxg7+ Kxg7 24. Nc6+ Kf7 25. Nxa5 Nd3 26. Rxc8 Rxc8 27.
Bd4 Rc2 28. Ndc4 Nxf2 29. Rd2 Rxd2 30. Nxd2 Nd3 31. Bb6 Nc1 32. Kf2 Bf6 33. Bd8
Bxd8 34. Nac4 Nxb3 35. Ne5+ Ke8 0-1

[Event "Santos Paulista-ch"]
[Site "Santos"]
[Date "2011.12.03"]
[Round "4"]
[White "Mekhitarian, Krikor Sevag"]
[Black "Mendonca, Mateus Nakajo"]
[Result "1-0"]
[WhiteElo "2487"]
[BlackElo "2188"]
[PlyCount "59"]
[EventDate "2011.12.02"]
[EventType "swiss"]
[EventRounds "6"]
[EventCountry "BRA"]
[SourceTitle "CBM 146 Extra"]
[Source "ChessBase"]
[SourceDate "2012.02.29"]
[SourceVersion "1"]
[SourceVersionDate "2012.02.29"]
[SourceQuality "1"]

1. Nf3 Nf6 2. c4 g6 3. Nc3 d5 4. cxd5 Nxd5 5. Qc2 Nb6 6. d4 Bg7 7. e4 O-O 8.
Be3 Nc6 9. d5 Ne5 10. Nxe5 Bxe5 11. f4 Bg7 12. Rd1 Bd7 13. a4 a5 14. Be2 Nc8
15. e5 f6 16. e6 Be8 17. f5 gxf5 18. Qxf5 Nd6 19. Qf4 Rb8 20. h4 Kh8 21. h5 Rg8
22. Bd3 Bf8 23. Ne4 Rxg2 24. Bd4 Rg7 25. Nxf6 exf6 26. Bxf6 Be7 27. Bxg7+ Kxg7
28. h6+ Kh8 29. Qe5+ Bf6 30. O-O 1-0

[Event "Santos Paulista-ch"]
[Site "Santos"]
[Date "2011.12.04"]
[Round "6"]
[White "Mekhitarian, Krikor Sevag"]
[Black "Mareco, Sandro"]
[Result "0-1"]
[WhiteElo "2487"]
[BlackElo "2583"]
[PlyCount "94"]
[EventDate "2011.12.02"]
[EventType "swiss"]
[EventRounds "6"]
[EventCountry "BRA"]
[SourceTitle "CBM 146 Extra"]
[Source "ChessBase"]
[SourceDate "2012.02.29"]
[SourceVersion "1"]
[SourceVersionDate "2012.02.29"]
[SourceQuality "1"]

1. d4 Nf6 2. c4 e6 3. Nc3 Bb4 4. Qc2 O-O 5. e4 d5 6. e5 Ne4 7. Bd3 c5 8. Nf3
cxd4 9. Nxd4 Nd7 10. Bf4 Ndc5 11. O-O Bxc3 12. bxc3 Bd7 13. Be2 Na4 14. cxd5
exd5 15. c4 Rc8 16. Bd3 b5 17. Rfe1 Re8 18. Bxe4 dxe4 19. Qxe4 Rxc4 20. Qd5 Bg4
21. Qxd8 Rxd8 22. Be3 Rcxd4 23. Bxd4 Rxd4 24. Rac1 Rc4 25. f3 Be6 26. a3 Nc3
27. Kf2 a5 28. Ke3 g5 29. Kd2 b4 30. axb4 axb4 31. Re3 Rd4+ 32. Rd3 Rxd3+ 33.
Kxd3 Na4 34. Ra1 Nc5+ 35. Kc2 Bf5+ 36. Kb2 Nd3+ 37. Kb3 Be6+ 38. Kc2 Nxe5 39.
Ra5 f6 40. Rb5 Nc6 41. Rb6 Bd5 42. Kb2 Kf7 43. Rb7+ Kg6 44. Rb5 Bc4 45. Rb6 Ne5
46. Kc2 b3+ 47. Kc3 Bf1 0-1